00500nam a2200205 a 4500001001300000003000900013005001700022008004100039020001000080082001500090100001700105245002400122260003700146300000800183500003500191505001700226650001700243650001700260700001700277nice12345678IN_TiNIC20260116012050.0050524s1966 lona grp 000 0 eng  ac10000a232.4bMOU aMoule, C F D aSacrifice of Christ aLondonbHodder & Stoughtonc1966 a58p aincludes index and biblioraphy2 aBibliography aResurrection aJesus Christ1 aMoule, C F D